[Event "zonal 3.3 (w)"]
[Site "Tagaytay City PHI"]
[Date "2013.01.22"]
[Round "1"]
[White "Hoang Thi Nhu Y"]
[Black "Batkhuyag, Munguntuul"]
[Result "0-1"]
[WhiteElo "2245"]
[BlackElo "2453"]
[EventDate "2013.01.22"]
[PlyCount "94"]

1.Nf3 d5 2.e3 Nf6 3.c4 e6 4.Nc3 Be7 5.d4 O-O 6.cxd5 exd5 7.Bd3 Nbd7 8.O-O 
c5 9.b3 b6 10.Ne5 Bb7 11.Bb2 a6 12.Qf3 b5 13.Rfd1 c4 14.bxc4 bxc4 15.Bc2 
Rb8 16.Rab1 Bd6 17.Qf5 Qe7 18.Ne2 Rfd8 19.Ng3 Nf8 20.Bc3 g6 21.Qg5 Ne6 22.
Qh4 Ba8 23.f4 Ng7 24.Rf1 Rxb1 25.Bxb1 Nfe8 26.Qxe7 Bxe7 27.f5 Bg5 28.fxg6 
fxg6 29.h4 Bxe3+ 30.Kh2 Ne6 31.h5 Bxd4 32.hxg6 hxg6 33.Bxd4 Nxd4 34.Nxg6 
Nd6 35.Nh5 Ne4 36.Ne7+ Kh7 37.Nxd5 Bxd5 38.Nf6+ Kg7 39.Nxe4 Ne2 40.Kh3 c3 
41.Ng5 Nd4 42.Rc1 Re8 43.Rd1 Rc8 44.g4 Bg8 45.Kh4 a5 46.Kh5 c2 47.Bxc2 
Rxc2 0-1

[Event "zonal 3.3 (w)"]
[Site "Tagaytay City PHI"]
[Date "2013.01.22"]
[Round "1"]
[White "Pham Le Thao Nguyen"]
[Black "Citra, Dewi Andhiani Anastasia"]
[Result "1-0"]
[WhiteElo "2426"]
[BlackElo "2180"]
[EventDate "2013.01.22"]
[PlyCount "53"]

1.d4 Nf6 2.Bf4 c5 3.e3 Qb6 4.Nc3 d6 5.Rb1 g6 6.h3 Bg7 7.Nf3 O-O 8.Be2 Bf5 
9.O-O Nc6 10.a3 cxd4 11.exd4 Ne4 12.Nd5 Qa5 13.Ne3 Bd7 14.Bd3 Nf6 15.c3 
Rfe8 16.Re1 Rad8 17.Qb3 e5 18.Bg5 e4 19.Bxf6 Bxf6 20.Nd5 Bg7 21.Bxe4 Rb8 
22.Nb4 Ne7 23.Re2 Qh5 24.Rbe1 a5 25.Nd5 Nc6 26.Nb6 Bf5 27.Qd5 1-0

[Event "zonal 3.3 (w)"]
[Site "Tagaytay City PHI"]
[Date "2013.01.22"]
[Round "1"]
[White "Perena, Catherine"]
[Black "Batchimeg, Tuvshintugs"]
[Result "0-1"]
[WhiteElo "2153"]
[BlackElo "2323"]
[EventDate "2013.01.22"]
[PlyCount "98"]

1.d4 Nf6 2.c4 g6 3.Nc3 d5 4.Nf3 Bg7 5.cxd5 Nxd5 6.g3 O-O 7.Bg2 Nc6 8.O-O 
Nb6 9.e3 e5 10.dxe5 Nxe5 11.Nxe5 Bxe5 12.Qc2 c6 13.e4 Qe7 14.Be3 Nc4 15.
Bh6 Rd8 16.Rad1 Bg4 17.Rxd8+ Rxd8 18.b3 Qb4 19.Nb1 Nb2 20.Bd2 Qd6 21.Bc3 
Nd3 22.h3 Be6 23.Rd1 Bxc3 24.Qxc3 Qd4 25.Qxd4 Rxd4 26.Bf1 Ne5 27.Rxd4 Nf3+
28.Kg2 Nxd4 29.Nc3 b5 30.f4 a5 31.Kf2 Nxb3 32.axb3 Bxb3 33.Bxb5 cxb5 34.
Nxb5 a4 35.g4 Kf8 36.Ke3 Be6 37.Kd4 Bd7 38.Na3 Ke7 39.Nc4 h6 40.g5 hxg5 
41.fxg5 Bxh3 42.Ke5 Bc8 43.Na3 Ba6 44.Nc2 Bc4 45.Na3 Bb3 46.Nb5 Kd7 47.Nc3
Kc6 48.Kd4 Kb7 49.e5 Be6 0-1

[Event "zonal 3.3 (w)"]
[Site "Tagaytay City PHI"]
[Date "2013.01.22"]
[Round "1"]
[White "Hoang Thi Bao Tram"]
[Black "Jose, Rulp Ylem"]
[Result "1-0"]
[WhiteElo "2322"]
[BlackElo "2026"]
[EventDate "2013.01.22"]
[PlyCount "79"]

1.d4 d6 2.c4 Nf6 3.Nf3 Bg4 4.Qb3 Nc6 5.d5 Bxf3 6.gxf3 Nd4 7.Qd3 c5 8.Nd2 
g6 9.Bh3 e6 10.e3 Nf5 11.e4 Nd4 12.Nb3 e5 13.Nxd4 exd4 14.Qb3 Qb6 15.Qa4+ 
Ke7 16.O-O Bg7 17.Rb1 a5 18.Kh1 Rhe8 19.Rg1 Kf8 20.Qc2 Qc7 21.Bd2 Qe7 22.
Rbe1 Kg8 23.Qc1 Qf8 24.Bg2 Nh5 25.Bh3 Nf6 26.Bg5 Kh8 27.Qf4 Nh5 28.Qh4 h6 
29.Bd2 Qe7 30.Qg4 Nf6 31.Qg2 Nh5 32.f4 Qh4 33.Qf3 Qe7 34.f5 Rf8 35.Bf1 Kh7
36.Qg2 gxf5 37.Be2 Rg8 38.Bxh5 Qh4 39.Bxf7 f4 40.Qg4 1-0

[Event "zonal 3.3 (w)"]
[Site "Tagaytay City PHI"]
[Date "2013.01.22"]
[Round "1"]
[White "Galas, Bernadette"]
[Black "Aulia, Medina Warda"]
[Result "0-1"]
[WhiteElo "1996"]
[BlackElo "2309"]
[EventDate "2013.01.22"]
[PlyCount "122"]

1.e4 e6 2.d4 d5 3.e5 c5 4.c3 Bd7 5.a3 a5 6.Nf3 Qb6 7.Bd3 Nc6 8.Bc2 f6 9.
O-O fxe5 10.dxe5 g6 11.c4 d4 12.Nbd2 Bg7 13.Re1 Nge7 14.Ba4 O-O 15.Ne4 Nf5
16.g4 Nfe7 17.Bg5 Be8 18.Nf6+ Kh8 19.Qc1 Ng8 20.h4 Nxe5 21.Nxe5 Nxf6 22.
Bxe8 Rfxe8 23.Bxf6 Bxf6 24.Nxg6+ hxg6 25.Qh6+ Kg8 26.Qxg6+ Bg7 27.h5 Kf8 
28.Re4 Qc7 29.g5 Qf7 30.Qxf7+ Kxf7 31.Rf4+ Ke7 32.h6 Bh8 33.g6 Bf6 34.Kg2 
d3 35.Rd1 Rad8 36.Kf3 Rh8 37.h7 Rhf8 38.b3 Bg7 39.Rxf8 Rxf8+ 40.Ke4 Rd8 
41.f4 Kf6 42.Rxd3 Rxd3 43.Kxd3 Kxg6 44.Ke4 Bb2 45.f5+ exf5+ 46.Kf4 Kxh7 
47.Kxf5 Bxa3 48.Ke6 Kg6 49.Kd7 Kf5 50.Kc7 Ke4 51.Kxb7 Kd3 52.Kb6 Bb4 53.
Kb5 Kc3 54.Ka4 Kb2 55.Kb5 Kxb3 56.Kc6 Kxc4 57.Kc7 a4 58.Kc6 a3 59.Kc7 a2 
60.Kb6 a1=Q 61.Kc6 Kd4 0-1

[Event "zonal 3.3 (w)"]
[Site "Tagaytay City PHI"]
[Date "2013.01.22"]
[Round "1"]
[White "Nguyen Thi Thanh An"]
[Black "San Diego, Marie Antoinette"]
[Result "1-0"]
[WhiteElo "2279"]
[BlackElo "1923"]
[EventDate "2013.01.22"]
[PlyCount "120"]

1.d4 d5 2.c4 c6 3.Nf3 Nf6 4.Qb3 a6 5.Bf4 e6 6.e3 Be7 7.h3 O-O 8.Nc3 b5 9.
cxd5 cxd5 10.Rc1 Bb7 11.Bd3 Nc6 12.O-O Rc8 13.Qd1 Bd6 14.Bg5 h6 15.Bh4 Be7
16.Bb1 Re8 17.Bg3 Na5 18.Ne5 Nc4 19.Qe2 Nxe5 20.dxe5 Nd7 21.Qh5 Qb6 22.
Rcd1 Nc5 23.Rd4 Ne4 24.Nxe4 dxe4 25.Bxe4 Bxe4 26.Rxe4 Bf8 27.Rd1 g6 28.Qe2
Red8 29.Red4 Rxd4 30.Rxd4 Qc6 31.Bh4 Qc1+ 32.Rd1 Qc2 33.Rd2 Qc1+ 34.Kh2 
Qc7 35.f4 Bb4 36.Rd1 Qc4 37.Qxc4 bxc4 38.Kg3 a5 39.Kf3 a4 40.a3 Bf8 41.Be1
Rb8 42.Bc3 Rb3 43.Rd8 Kg7 44.Bd4 c3 45.bxc3 Bxa3 46.Ra8 Bb2 47.Bc5 Ba3 48.
Bxa3 Rxa3 49.c4 Ra1 50.Ke4 a3 51.Kd3 a2 52.Kc2 Re1 53.Rxa2 Rxe3 54.c5 Re4 
55.Kd3 Rb4 56.c6 Rb8 57.Kc4 Kf8 58.Kc5 Ke7 59.Ra7+ Ke8 60.c7 Rc8 1-0

[Event "zonal 3.3 (w)"]
[Site "Tagaytay City PHI"]
[Date "2013.01.22"]
[Round "1"]
[White "Fisabilillah, Ummi"]
[Black "Nguyen Thi Mai Hung"]
[Result "1/2-1/2"]
[WhiteElo "1853"]
[BlackElo "2272"]
[EventDate "2013.01.22"]
[PlyCount "65"]

1.e4 c5 2.Nc3 g6 3.g3 Bg7 4.Bg2 Nc6 5.d3 d6 6.Be3 Nf6 7.h3 O-O 8.Qd2 Nd4 
9.Nd1 e5 10.c3 Ne6 11.Ne2 d5 12.Bh6 dxe4 13.dxe4 b6 14.O-O Qxd2 15.Bxd2 
Bb7 16.f3 Rad8 17.Be3 Ne8 18.Nf2 Nd6 19.b3 f5 20.Rad1 g5 21.exf5 Nxf5 22.
Bc1 Ba6 23.Rxd8 Rxd8 24.Re1 Bxe2 25.Rxe2 Nxg3 26.Rd2 Rxd2 27.Bxd2 Nf4 28.
Kh2 Nxg2 29.Kxg3 Nf4 30.Kg4 h6 31.Kf5 Kf7 32.Bxf4 exf4 33.c4 1/2-1/2

[Event "zonal 3.3 (w)"]
[Site "Tagaytay City PHI"]
[Date "2013.01.22"]
[Round "1"]
[White "Sihite, Chelsie Monica"]
[Black "Tambasen, Mary Grace"]
[Result "1-0"]
[WhiteElo "2264"]
[BlackElo "1825"]
[EventDate "2013.01.22"]
[PlyCount "75"]

1.e4 c5 2.Nf3 Nc6 3.Bb5 Nd4 4.Nxd4 cxd4 5.c3 a6 6.Bc4 Qc7 7.d3 e5 8.a4 Nf6
9.Qb3 d6 10.a5 g6 11.cxd4 exd4 12.Bf4 Nh5 13.Bd2 Ng7 14.Na3 Ne6 15.Rc1 Qe7
16.Bxe6 Bxe6 17.Qb6 Rc8 18.O-O Bg7 19.Rxc8+ Bxc8 20.Bf4 O-O 21.Bxd6 Qg5 
22.f4 Qh5 23.Bxf8 Bxf8 24.Nc4 Be6 25.Ne5 Qe2 26.Qxd4 h5 27.f5 Bh6 28.Qd8+ 
Kg7 29.Rb1 gxf5 30.Qh4 Be3+ 31.Kh1 Bd4 32.Re1 Qxb2 33.exf5 Bd5 34.Qg5+ Kh7
35.Qxh5+ Kg7 36.Qg5+ Kh7 37.f6 Bxg2+ 38.Qxg2 1-0

[Event "zonal 3.3 (w)"]
[Site "Tagaytay City PHI"]
[Date "2013.01.23"]
[Round "2"]
[White "Batkhuyag, Munguntuul"]
[Black "Hoang Thi Bao Tram"]
[Result "1-0"]
[WhiteElo "2453"]
[BlackElo "2322"]
[EventDate "2013.01.22"]
[PlyCount "79"]

1.e4 c6 2.d4 d5 3.e5 Bf5 4.c4 e6 5.Nc3 dxc4 6.Bxc4 Nd7 7.Nge2 Ne7 8.O-O 
Nb6 9.Bb3 Bg6 10.Ng3 Nf5 11.Nxf5 Bxf5 12.g4 Bg6 13.f4 Qh4 14.f5 exf5 15.
gxf5 Bh5 16.Qd3 O-O-O 17.Rf4 Qe1+ 18.Kg2 Qxe5 19.Rh4 g6 20.Qh3 Rxd4 21.
fxg6+ f5 22.Rxh5 Nd7 23.Rxf5 Qg7 24.Be3 Rd3 25.Rf3 hxg6 26.Qe6 Bd6 27.h3 
g5 28.Rf7 Qxf7 29.Qxf7 Rxe3 30.Be6 Rd8 31.Rd1 Kc7 32.Rd4 Rg3+ 33.Kh1 Re3 
34.Ne4 Re1+ 35.Kg2 Re2+ 36.Kf3 Re1 37.Nxd6 Rf8 38.Ne8+ Kb6 39.Rxd7 Rxf7+ 
40.Bxf7 1-0

[Event "zonal 3.3 (w)"]
[Site "Tagaytay City PHI"]
[Date "2013.01.23"]
[Round "2"]
[White "Aulia, Medina Warda"]
[Black "Pham Le Thao Nguyen"]
[Result "0-1"]
[WhiteElo "2309"]
[BlackElo "2426"]
[EventDate "2013.01.22"]
[PlyCount "86"]

1.e4 c5 2.Nf3 e6 3.d4 cxd4 4.Nxd4 a6 5.c4 Nf6 6.Nc3 Qc7 7.Be2 b6 8.O-O Bb7
9.Qc2 d6 10.a4 Nbd7 11.a5 bxa5 12.Nb3 a4 13.Rxa4 Nc5 14.Nxc5 dxc5 15.f4 
Be7 16.e5 Nd7 17.Bf3 O-O 18.Ne4 Rfd8 19.Ra3 Nf8 20.Be3 Rab8 21.Rfa1 Ng6 
22.g3 Nf8 23.Qf2 Nd7 24.h4 h6 25.Bg2 f6 26.Nc3 Bc8 27.Qe2 fxe5 28.Bf2 Bf6 
29.g4 e4 30.Qxe4 Nf8 31.Na4 Bd4 32.Bxd4 Rxd4 33.Qe3 Rxf4 34.Rf1 Rd4 35.Qf2
Bb7 36.Bxb7 Qxb7 37.Rg3 Qc7 38.g5 h5 39.g6 Rxc4 40.b3 Rc2 41.Qe3 c4 42.Nc5
Re2 43.Qg5 Re5 0-1

[Event "zonal 3.3 (w)"]
[Site "Tagaytay City PHI"]
[Date "2013.01.23"]
[Round "2"]
[White "Batchimeg, Tuvshintugs"]
[Black "Nguyen Thi Thanh An"]
[Result "0-1"]
[WhiteElo "2323"]
[BlackElo "2279"]
[EventDate "2013.01.22"]
[PlyCount "114"]

1.d4 Nf6 2.c4 g6 3.Nc3 Bg7 4.e4 d6 5.Nf3 O-O 6.h3 e5 7.d5 Nh5 8.g3 a5 9.
Be2 Na6 10.Nh2 Nf6 11.g4 Nc5 12.Qc2 c6 13.g5 Nh5 14.Bxh5 gxh5 15.h4 a4 16.
Be3 a3 17.b3 Na6 18.Qe2 Nb4 19.O-O-O cxd5 20.Nxd5 Nxd5 21.cxd5 Bd7 22.Kb1 
Qa5 23.Rc1 Bb5 24.Qd1 Rfc8 25.Ka1 Rxc1+ 26.Qxc1 Bd3 27.f3 f5 28.gxf6 Bxf6 
29.Rd1 Bb5 30.Bg5 Bg7 31.Rg1 Kf7 32.Bd2 Qd8 33.Bh6 Bf6 34.Bg5 Qc8 35.Qd2 
Bxg5 36.hxg5 Qc5 37.Rc1 Qd4+ 38.Qxd4 exd4 39.f4 Re8 40.Re1 Rc8 41.Nf3 d3 
42.e5 dxe5 43.fxe5 h4 44.Kb1 Rc2 45.Rd1 h3 46.Nd4 Rb2+ 47.Ka1 h2 48.e6+ 
Kg7 49.Nf5+ Kg6 50.d6 Rc2 51.Ne3 Rc8 52.d7 Rh8 53.Ng4 Rg8 54.e7 Bxd7 55.
Nxh2 Re8 56.Rxd3 Rxe7 57.Nf3 Bc6 0-1

[Event "zonal 3.3 (w)"]
[Site "Tagaytay City PHI"]
[Date "2013.01.23"]
[Round "2"]
[White "Nguyen Thi Mai Hung"]
[Black "Sihite, Chelsie Monica"]
[Result "1-0"]
[WhiteElo "2272"]
[BlackElo "2264"]
[EventDate "2013.01.22"]
[PlyCount "105"]

1.d4 Nf6 2.Nf3 e6 3.e3 b6 4.Bd3 Bb7 5.O-O c5 6.Nbd2 d6 7.c3 Nbd7 8.Qe2 e5 
9.dxe5 dxe5 10.e4 Qc7 11.Re1 g6 12.a4 a6 13.Nc4 Bg7 14.b3 O-O 15.Bb2 Rae8 
16.Rad1 Nh5 17.Bb1 Nf4 18.Qd2 Bc6 19.Bc1 b5 20.axb5 axb5 21.Qd6 Qxd6 22.
Nxd6 Ra8 23.g3 Ne6 24.Bd3 Rfb8 25.Ng5 Nxg5 26.Bxg5 Bf8 27.Bf1 h6 28.Be3 
Ra3 29.Bh3 Rxb3 30.Nxf7 Kxf7 31.Bxd7 Bxd7 32.Rxd7+ Ke6 33.Red1 Rb1 34.Rxb1
Kxd7 35.Kf1 Kc6 36.Ra1 b4 37.cxb4 cxb4 38.Ke2 Kb5 39.Kd3 Rc8 40.f3 Bc5 41.
Bxc5 Rxc5 42.f4 b3 43.fxe5 Kb4 44.Ra6 b2 45.Rb6+ Ka3 46.e6 Rc7 47.Kd4 Ra7 
48.Kd5 Ra5+ 49.Kd6 Ra4 50.e7 Rxe4 51.Kd7 Rd4+ 52.Ke6 Re4+ 53.Kf7 1-0

[Event "zonal 3.3 (w)"]
[Site "Tagaytay City PHI"]
[Date "2013.01.23"]
[Round "2"]
[White "Citra, Dewi Andhiani Anastasia"]
[Black "Fisabilillah, Ummi"]
[Result "1-0"]
[WhiteElo "2180"]
[BlackElo "1853"]
[EventDate "2013.01.22"]
[PlyCount "131"]

1.e4 e6 2.d4 d5 3.Nd2 c5 4.exd5 Qxd5 5.Ngf3 cxd4 6.Bc4 Qd6 7.O-O Nf6 8.Nb3
Nc6 9.Nbxd4 Nxd4 10.Nxd4 Bd7 11.Re1 Be7 12.b3 O-O 13.Bb2 a6 14.a4 Qf4 15.
g3 Qg4 16.Be2 Qg5 17.Bf3 Bc8 18.Qe2 Rd8 19.Rad1 Rb8 20.Rd3 Bd7 21.Bg2 Qa5 
22.Bh3 Qh5 23.Qxh5 Nxh5 24.Red1 Nf6 25.Bg2 Rdc8 26.c4 e5 27.Nf3 Bf5 28.
R3d2 e4 29.Ng5 Bb4 30.Re2 Bg4 31.f3 exf3 32.Nxf3 Bc5+ 33.Kh1 Rd8 34.Rxd8+ 
Rxd8 35.h3 Rd1+ 36.Kh2 Bg1+ 37.Nxg1 Bxe2 38.Nxe2 Rd2 39.Bxf6 gxf6 40.Nf4 
Rb2 41.Nd3 Rxb3 42.Nc5 Rb4 43.Bd5 b6 44.Nxa6 Rxa4 45.Nb8 Ra2+ 46.Kg1 Kg7 
47.Nd7 Rb2 48.Kf1 Kg6 49.Ke1 Kf5 50.Kd1 Rb3 51.g4+ Kg5 52.Kc2 Rb4 53.Bxf7 
f5 54.gxf5 Kxf5 55.Bg8 Kg6 56.Kc3 Rb1 57.Bd5 Kg5 58.Be4 Re1 59.Kd4 Kf4 60.
Bd3 Re6 61.Kd5 Rh6 62.Be2 Rxh3 63.Nxb6 Re3 64.Bf1 Rc3 65.c5 h5 66.c6 1-0

[Event "zonal 3.3 (w)"]
[Site "Tagaytay City PHI"]
[Date "2013.01.23"]
[Round "2"]
[White "San Diego, Marie Antoinette"]
[Black "Hoang Thi Nhu Y"]
[Result "0-1"]
[WhiteElo "1923"]
[BlackElo "2245"]
[EventDate "2013.01.22"]
[PlyCount "92"]

1.d4 Nf6 2.Nf3 e6 3.e3 b6 4.Bd3 c5 5.O-O Bb7 6.b3 Be7 7.Bb2 O-O 8.Nbd2 Nc6
9.a3 cxd4 10.exd4 Nd5 11.c4 Nf4 12.Qc2 Nxd3 13.Qxd3 d5 14.Rac1 Ba6 15.Rfd1
Rc8 16.Qe3 dxc4 17.Nxc4 Qd5 18.Nfe5 Rfd8 19.Qf3 Nxe5 20.Qxd5 exd5 21.Nxe5 
Bg5 22.Rxc8 Rxc8 23.h3 Rc2 24.Ba1 f6 25.Ng4 Be2 26.Re1 h5 27.Nh2 Rc1 28.
Rxc1 Bxc1 29.Nf1 Bxa3 30.Ne3 Bd6 31.Bc3 Kf7 32.Nxd5 Bd1 33.b4 Bb3 34.Ne3 
Ke6 35.f3 f5 36.Kf2 f4 37.Nf1 Kd5 38.Nd2 Bc2 39.Ke2 Bc7 40.Ke1 g6 41.Ke2 
g5 42.b5 Bd8 43.Nf1 Ba4 44.Nd2 Bxb5+ 45.Kd1 Bd3 46.Ke1 Bc2 0-1

[Event "zonal 3.3 (w)"]
[Site "Tagaytay City PHI"]
[Date "2013.01.23"]
[Round "2"]
[White "Tambasen, Mary Grace"]
[Black "Perena, Catherine"]
[Result "0-1"]
[WhiteElo "1825"]
[BlackElo "2153"]
[EventDate "2013.01.22"]
[PlyCount "71"]

1.d4 d5 2.e3 Nf6 3.f4 c5 4.c3 e6 5.Nf3 Bd6 6.Bd3 Nc6 7.O-O Qc7 8.Ne5 O-O 
9.Nd2 b6 10.Rf3 Bb7 11.Rh3 g6 12.Qe1 Be7 13.Qg3 Nxe5 14.fxe5 Ne4 15.Qg4 
Ng5 16.Rg3 f5 17.exf6 Bxf6 18.Nf1 e5 19.h4 Ne4 20.Bxe4 dxe4 21.dxc5 Qxc5 
22.h5 g5 23.h6 Qc6 24.Bd2 Rad8 25.Be1 Bc8 26.Qe2 Be7 27.Qh5 Rd6 28.Nh2 
Rxh6 29.Qe2 Rg6 30.Ng4 Qe6 31.Nf2 Qc6 32.Ng4 Bd6 33.Rh3 Be6 34.Rh2 Bc4 35.
Qf2 Rxf2 36.Bxf2 0-1

[Event "zonal 3.3 (w)"]
[Site "Tagaytay City PHI"]
[Date "2013.01.24"]
[Round "3"]
[White "Pham Le Thao Nguyen"]
[Black "Batkhuyag, Munguntuul"]
[Result "1/2-1/2"]
[WhiteElo "2426"]
[BlackElo "2453"]
[EventDate "2013.01.22"]
[PlyCount "120"]

1.d4 Nf6 2.Bf4 g6 3.e3 Bg7 4.Nf3 d6 5.h3 O-O 6.Be2 c5 7.c3 cxd4 8.exd4 Nc6
9.O-O Bf5 10.Na3 Nd5 11.Bg3 e5 12.Bc4 Nb6 13.dxe5 dxe5 14.Bb5 Qc7 15.Re1 
Rfe8 16.Qe2 a6 17.Bc4 h6 18.Bb3 Be6 19.Rad1 Kh7 20.Nc4 Nxc4 21.Bxc4 Rad8 
22.Rxd8 Qxd8 23.Nd2 Qe7 24.Bxe6 Qxe6 25.Qe4 Qd7 26.Nb3 Rd8 27.Qe2 Qd5 28.
Kh2 b5 29.f3 a5 30.Bf2 Bf8 31.Be3 a4 32.Nd2 f5 33.c4 bxc4 34.Nxc4 Nb4 35.
b3 Nd3 36.Rd1 e4 37.fxe4 Qxe4 38.Qf3 axb3 39.axb3 Rb8 40.Bb6 Qxf3 41.gxf3 
Nb2 42.Rd7+ Kg8 43.Bd4 Nxc4 44.bxc4 Rc8 45.c5 Bxc5 46.Bxc5 Rxc5 47.h4 f4 
48.Kh3 Rf5 49.Ra7 h5 50.Rb7 Rf7 51.Rb6 Kg7 52.Ra6 Rf6 53.Ra8 Kh6 54.Ra5 
Re6 55.Ra4 g5 56.hxg5+ Kxg5 57.Ra5+ Kg6 58.Kh4 Re3 59.Rg5+ Kf6 60.Rxh5 
Rxf3 1/2-1/2

[Event "zonal 3.3 (w)"]
[Site "Tagaytay City PHI"]
[Date "2013.01.24"]
[Round "3"]
[White "Nguyen Thi Thanh An"]
[Black "Nguyen Thi Mai Hung"]
[Result "1-0"]
[WhiteElo "2279"]
[BlackElo "2272"]
[EventDate "2013.01.22"]
[PlyCount "81"]

1.d4 d5 2.c4 c6 3.Nf3 Nf6 4.Qc2 e6 5.Bg5 h6 6.Bh4 Nbd7 7.e3 Be7 8.Nc3 O-O 
9.a3 b6 10.cxd5 cxd5 11.Bd3 Bb7 12.O-O Rc8 13.Nd2 e5 14.dxe5 Nxe5 15.Bf5 
Rc7 16.Bg3 Bd6 17.Qb3 Neg4 18.Nf3 Bxg3 19.hxg3 g6 20.Bxg4 Nxg4 21.Rfd1 Qf6
22.Rd4 h5 23.Rad1 Rfc8 24.Rf4 Qg7 25.Nh2 Nxh2 26.Kxh2 Qe5 27.Nb5 Rc2 28.
Nc3 R2xc3 29.bxc3 Rxc3 30.Qa4 a6 31.Qd7 Rc7 32.Qd8+ Kg7 33.a4 b5 34.axb5 
axb5 35.Rb1 Ba6 36.Rd4 Rc2 37.Rxd5 Qe4 38.Rd4 Qc6 39.Rd6 Qc3 40.Rxa6 Rd2 
41.Rc6 1-0

[Event "zonal 3.3 (w)"]
[Site "Tagaytay City PHI"]
[Date "2013.01.24"]
[Round "3"]
[White "Hoang Thi Bao Tram"]
[Black "Citra, Dewi Andhiani Anastasia"]
[Result "1-0"]
[WhiteElo "2322"]
[BlackElo "2180"]
[EventDate "2013.01.22"]
[PlyCount "91"]

1.d4 Nf6 2.Nf3 c5 3.d5 d6 4.c4 e5 5.Nc3 Be7 6.h3 O-O 7.e4 Nbd7 8.Be3 Re8 
9.g4 Nf8 10.Nd2 N6d7 11.Rg1 h6 12.Nf3 Nh7 13.h4 Ndf8 14.g5 h5 15.Qd2 g6 
16.O-O-O a6 17.Nxe5 dxe5 18.d6 Bxd6 19.Qxd6 Qxd6 20.Rxd6 Ne6 21.Rd5 b6 22.
Rxe5 Nhf8 23.Rd5 Nc7 24.Rd6 Re6 25.Rxe6 fxe6 26.Bh3 Bd7 27.Rd1 Kf7 28.f4 
Ne8 29.Ne2 Ke7 30.Ng3 Nd6 31.b3 Bc6 32.Bg2 Nd7 33.Rd2 Rc8 34.Re2 b5 35.
cxb5 Bxb5 36.Rc2 Bd3 37.Rc3 c4 38.bxc4 Bxc4 39.a4 a5 40.e5 Nf5 41.Nxf5+ 
exf5 42.Bd5 Ba6 43.Rxc8 Bxc8 44.e6 Nb8 45.Bc5+ Ke8 46.Bd6 1-0

[Event "zonal 3.3 (w)"]
[Site "Tagaytay City PHI"]
[Date "2013.01.24"]
[Round "3"]
[White "Perena, Catherine"]
[Black "Aulia, Medina Warda"]
[Result "0-1"]
[WhiteElo "2153"]
[BlackElo "2309"]
[EventDate "2013.01.22"]
[PlyCount "112"]

1.d4 Nf6 2.c4 e6 3.Nc3 Bb4 4.e3 O-O 5.Bd3 d5 6.Nf3 c6 7.O-O Nbd7 8.Qc2 Re8
9.a3 Bxc3 10.Qxc3 b6 11.cxd5 cxd5 12.Bb5 Bb7 13.Qb3 Rc8 14.Ne5 Re7 15.Nxd7
Nxd7 16.Bd2 Nf6 17.f3 e5 18.Rfc1 e4 19.Rxc8 Qxc8 20.Rc1 Qf5 21.Bb4 Re6 22.
Qc2 h5 23.Rf1 a6 24.Be2 Rc6 25.Bc3 Qg5 26.f4 Qf5 27.h3 Bc8 28.Qd1 g5 29.
Bxh5 gxf4 30.Bg4 Nxg4 31.hxg4 Qg5 32.Rxf4 Rg6 33.Qf1 Rg7 34.Kf2 Bxg4 35.
Ke1 Bc8 36.Kd2 Qxg2+ 37.Qxg2 Rxg2+ 38.Kc1 Kg7 39.Bd2 Bg4 40.Be1 f5 41.Bf2 
Kf7 42.Kd2 Rh2 43.b3 Ke6 44.Kc3 Rh1 45.Kc2 Ra1 46.Bh4 Ra2+ 47.Kc3 Re2 48.
Rf2 Rxe3+ 49.Kc2 Rd3 50.Rh2 Bd1+ 51.Kc1 Bxb3 52.Bg5 Bc4 53.Rh6+ Kd7 54.
Rxb6 Rxa3 55.Rf6 Rf3 56.Kd2 a5 0-1

[Event "zonal 3.3 (w)"]
[Site "Tagaytay City PHI"]
[Date "2013.01.24"]
[Round "3"]
[White "Sihite, Chelsie Monica"]
[Black "Jose, Rulp Ylem"]
[Result "1/2-1/2"]
[WhiteElo "2264"]
[BlackElo "2026"]
[EventDate "2013.01.22"]
[PlyCount "149"]

1.e4 d5 2.exd5 Nf6 3.Nf3 Nxd5 4.d4 Bf5 5.c3 e6 6.Bd3 Bxd3 7.Qxd3 Nc6 8.O-O
Be7 9.Nbd2 O-O 10.Ne4 Nf6 11.Nxf6+ Bxf6 12.Qb5 Rb8 13.Bf4 Qe7 14.Rfe1 Qd7 
15.Qh5 b5 16.Rad1 Ne7 17.Qg4 Qd5 18.Bxc7 Rb7 19.Be5 Bxe5 20.dxe5 Qxa2 21.
Ng5 Rc7 22.Ne4 Ng6 23.h4 Kh8 24.Qg3 Ne7 25.Qd3 Qd5 26.Qg3 Qb3 27.h5 h6 28.
Rd2 Nd5 29.Nd6 a5 30.Ra1 b4 31.c4 Qxg3 32.fxg3 Ne3 33.Rxa5 Nxc4 34.Rc2 
Nxa5 35.Rxc7 f6 36.exf6 Rxf6 37.g4 Kg8 38.Rc5 Nb3 39.Rc4 e5 40.Nf5 Nd4 41.
Nxd4 exd4 42.Rxd4 Rb6 43.Rf4 Kh7 44.Kh2 Rb5 45.Kg3 Kg8 46.Kf3 b3 47.Ke3 
Re5+ 48.Re4 Rb5 49.Kd3 Kf7 50.Kc3 g6 51.Rb4 Re5 52.Rb7+ Kg8 53.Kxb3 gxh5 
54.gxh5 Rxh5 55.Rb4 Rh2 56.Rg4+ Kf7 57.Rg3 h5 58.Rh3 Rxg2 59.Rxh5 Ke6 60.
Rc5 Kd6 61.Rc1 Rf2 62.Ka3 Rf7 63.b4 Rc7 64.Rh1 Kc6 65.Rh6+ Kb5 66.Rh5+ Kb6
67.Kb3 Rc8 68.Rg5 Rc7 69.Rg8 Rc1 70.Rb8+ Ka7 71.Rb5 Ka6 72.Ra5+ Kb6 73.Ra2
Kb5 74.Ra5+ Kb6 75.Rh5 1/2-1/2

[Event "zonal 3.3 (w)"]
[Site "Tagaytay City PHI"]
[Date "2013.01.24"]
[Round "3"]
[White "Fisabilillah, Ummi"]
[Black "San Diego, Marie Antoinette"]
[Result "1/2-1/2"]
[WhiteElo "1853"]
[BlackElo "1923"]
[EventDate "2013.01.22"]
[PlyCount "149"]

1.e4 c5 2.Nc3 Nc6 3.g3 g6 4.Bg2 Bg7 5.d3 d6 6.Be3 Nf6 7.h3 O-O 8.Qd2 Nd4 
9.Nd1 e5 10.c3 Ne6 11.Ne2 d5 12.Bh6 dxe4 13.dxe4 Qxd2+ 14.Bxd2 b6 15.O-O 
Rd8 16.Be3 Bb7 17.f3 Ne8 18.Nf2 Nd6 19.b3 f5 20.Rad1 g5 21.exf5 Nxf5 22.
Bc1 Ba6 23.Rxd8+ Rxd8 24.Re1 Bxe2 25.Rxe2 Nxg3 26.Rd2 Rxd2 27.Bxd2 h6 28.
Kh2 Nf5 29.Bf1 Nf4 30.Bc4+ Kf8 31.Ne4 Ke7 32.a4 Nd6 33.Bf1 Ke6 34.Kg3 Nf5+
35.Kh2 Nh4 36.Kg3 Bf8 37.Kg4 h5+ 38.Kg3 Be7 39.Bc4+ Kf5 40.Bb5 Kg6 41.Be8+
Kh6 42.Bb5 Nf5+ 43.Kh2 Ng7 44.Ng3 Kg6 45.Bc6 Kf7 46.Bb5 Nge6 47.Bc4 Kg6 
48.Ne2 Nxe2 49.Bxe2 Nf4 50.Bb5 Kf7 51.Bxf4 exf4 52.Kg2 Bf6 53.c4 Ke6 54.
Be8 h4 55.Kf2 Ke5 56.Ke2 Kd4 57.Kd2 g4 58.fxg4 f3 59.Bc6 Bg5+ 60.Ke1 Ke3 
61.Kf1 Bf6 62.Bd5 Kf4 63.Kf2 Bd4+ 64.Kf1 Kg3 65.g5 f2 66.Be6 Kf3 67.g6 Ke3
68.Bd7 Kd3 69.g7 Bxg7 70.Kxf2 Kc3 71.Bb5 Kxb3 72.Ke3 Kc3 73.Ba6 Kb4 74.Bb5
Ka5 75.Kd3 1/2-1/2

[Event "zonal 3.3 (w)"]
[Site "Tagaytay City PHI"]
[Date "2013.01.24"]
[Round "3"]
[White "Galas, Bernadette"]
[Black "Tambasen, Mary Grace"]
[Result "1-0"]
[WhiteElo "1996"]
[BlackElo "1825"]
[EventDate "2013.01.22"]
[PlyCount "87"]

1.e4 c5 2.Nf3 Nc6 3.d4 cxd4 4.Nxd4 Nf6 5.Nc3 g6 6.Bc4 Bg7 7.Be3 O-O 8.Bb3 
Qa5 9.f3 Qb6 10.Nf5 Qd8 11.Nxg7 Kxg7 12.Qd2 Ng8 13.O-O-O d6 14.h4 Be6 15.
h5 Bxb3 16.cxb3 g5 17.h6+ Kh8 18.Bxg5 f6 19.Be3 a5 20.Kb1 Qd7 21.Bf4 Rfd8 
22.Qf2 e5 23.Be3 Nge7 24.f4 Qe6 25.f5 Qf7 26.Qh4 Rd7 27.g4 Nb4 28.a3 d5 
29.Bc5 Nbc6 30.exd5 Nd4 31.Bxd4 exd4 32.Rxd4 Rc8 33.Rhd1 Kg8 34.Ne4 Rf8 
35.d6 Nc6 36.Rd5 Ne5 37.Nc5 b6 38.Nxd7 Qxd7 39.Qf2 b5 40.g5 Nf7 41.gxf6 
Kh8 42.Qe1 Re8 43.Qxa5 Nxh6 44.Qc7 1-0

[Event "zonal 3.3 (w)"]
[Site "Tagaytay City PHI"]
[Date "2013.01.24"]
[Round "4"]
[White "Batkhuyag, Munguntuul"]
[Black "Nguyen Thi Thanh An"]
[Result "1/2-1/2"]
[WhiteElo "2453"]
[BlackElo "2279"]
[EventDate "2013.01.22"]
[PlyCount "116"]

1.e4 c5 2.Nf3 d6 3.d4 cxd4 4.Nxd4 Nf6 5.Nc3 a6 6.Be2 e5 7.Nb3 Be7 8.O-O 
O-O 9.Re1 Qc7 10.a4 Be6 11.Bf3 Nbd7 12.a5 Rac8 13.Be3 Nc5 14.Nd2 Rfd8 15.
Nf1 b5 16.axb6 Qxb6 17.Rb1 Qb4 18.Bg5 Na4 19.Nxa4 Qxa4 20.Ne3 h6 21.Bxf6 
Bxf6 22.b3 Qc6 23.c4 Bg5 24.Ra1 Rb8 25.Ra3 Rb6 26.Qd3 Rdb8 27.Rea1 Qb7 28.
Bd1 Bxe3 29.Qxe3 Qc6 30.h3 Bc8 31.Bc2 Bb7 32.Qg3 Re8 33.Ra5 Qc7 34.Qc3 Rc6
35.Bd3 Re6 36.Be2 Rf6 37.Qe3 Qb6 38.Qxb6 Rxb6 39.R1a3 Re6 40.Bd3 Re7 41.
Kf1 Rc7 42.f3 Kf8 43.Ke2 Ke7 44.Kd2 Rc5 45.Kc3 Bc8 46.R3a4 Rcc6 47.Rb4 
Rxb4 48.Kxb4 Kd8 49.Kc3 Kc7 50.b4 Kb6 51.h4 f6 52.Ra1 Rc7 53.g3 Ra7 54.f4 
a5 55.bxa5+ Rxa5 56.Rxa5 Kxa5 57.f5 Kb6 58.Kb4 Bb7 1/2-1/2

[Event "zonal 3.3 (w)"]
[Site "Tagaytay City PHI"]
[Date "2013.01.24"]
[Round "4"]
[White "Hoang Thi Bao Tram"]
[Black "Pham Le Thao Nguyen"]
[Result "1/2-1/2"]
[WhiteElo "2322"]
[BlackElo "2426"]
[EventDate "2013.01.22"]
[PlyCount "85"]

1.d4 d5 2.Nf3 c6 3.g3 Bf5 4.Bg2 h6 5.O-O Nf6 6.c4 e6 7.Nc3 Nbd7 8.b3 Be7 
9.Bb2 O-O 10.e3 a6 11.Qe2 Re8 12.Rac1 b5 13.c5 Rc8 14.Rfd1 Qc7 15.h3 Bh7 
16.Qe1 Bf8 17.Bf1 Ne4 18.Nxe4 Bxe4 19.Ne5 f6 20.Nxd7 Qxd7 21.f4 Be7 22.Qd2
Bd8 23.Bc3 Bc7 24.Ra1 e5 25.dxe5 fxe5 26.a4 Qf7 27.axb5 axb5 28.Bg2 Qg6 
29.Bxe4 Qxe4 30.Re1 Ra8 31.Rxa8 Rxa8 32.Kh2 Ra3 33.Qb2 b4 34.Bxe5 Bxe5 35.
fxe5 Ra8 36.Re2 Re8 37.Qd4 Rxe5 38.Qxe4 Rxe4 39.Kg2 Re7 40.Kf2 Rf7+ 41.Kg2
Re7 42.Kf2 Rf7+ 43.Kg2 1/2-1/2

[Event "zonal 3.3 (w)"]
[Site "Tagaytay City PHI"]
[Date "2013.01.24"]
[Round "4"]
[White "Aulia, Medina Warda"]
[Black "Hoang Thi Nhu Y"]
[Result "1-0"]
[WhiteElo "2309"]
[BlackElo "2245"]
[EventDate "2013.01.22"]
[PlyCount "49"]

1.e4 c6 2.d4 d5 3.Nd2 dxe4 4.Nxe4 Bf5 5.Ng3 Bg6 6.h4 h6 7.h5 Bh7 8.Nf3 Qc7
9.Bd3 Bxd3 10.Qxd3 Nd7 11.Bd2 Ngf6 12.O-O-O e6 13.Ne4 O-O-O 14.Nxf6 Nxf6 
15.Qe2 c5 16.Rh4 Kb8 17.dxc5 Bxc5 18.Bf4 Bd6 19.Rxd6 Rxd6 20.Ne5 Nd5 21.
Bg3 f6 22.Rc4 fxe5 23.Rxc7 Nxc7 24.Qxe5 Rd7 25.Qxe6 1-0